Kader - Borussia Dortmund 2020/2021 - Statistiken

Allgemein
  • Dieses Quiz wurde 369 mal gespielt
  • Das Durchschnittsergebnis liegt bei 21 aus 29
Antwortstatistiken
# Position Antwort % Korrekt
1 TW Roman Bürki
98%
11 ZOM Marco Reus
97%
9 ST Erling Haaland
96%
15 IV Mats Hummels
94%
35 TW Marwin Hitz
91%
7 RM Jadon Sancho
87%
19 ZOM Julian Brandt
84%
22 ZM Jude Bellingham
82%
28 ZDM Axel Witsel
80%
10 LM Thorgan Hazard
80%
23 IV Emre Can
79%
16 IV Manuel Akanji
79%
24 RV Thomas Meunier
77%
32 ZOM Giovanni Reyna
74%
13 LV Raphael Guerreiro
74%
8 ZM Mahmoud Dahoud
73%
18 ST Youssoufa Moukoko
71%
5 IV Dan-Axel Zagadou
70%
14 LV Nico Schulz
70%
29 LV Marcel Schmelzer
69%
2 RV Mateu Morey Bauzà
67%
27 ST Steffen Tigges
59%
6 ZDM Thomas Delaney
59%
30 RV Felix Passlack
57%
25 TW Luca Unbehaun
50%
26 RV Lukasz Piszczek
50%
36 LM Ansgar Knauff
45%
20 ZOM Reinier
37%
37 ZM Tobias Raschl
27%
Keine übereinstimmenden Quizze gefunden
Verteilung der Resultate
Anzahl Personen mit jedem Resultat
Perzentil nach korrekt beantworteten Fragen
Ihre Resultats-Entwicklung
Sie haben dieses Quiz noch nicht gespielt